|
|
|
|
| LEADER |
00000nas a2200000 a 4500 |
| 001 |
ssj0015640 |
| 003 |
WaSeSS |
| 005 |
20200512172242.0 |
| 006 |
m d |
| 007 |
cr n |
| 008 |
990223c19949999azuqr p s f0 a0eng c |
| 010 |
|
|
|a 2008230761
|
| 016 |
7 |
|
|a 2066751-6
|2 DE-600
|
| 016 |
7 |
|
|a 011762569
|2 Uk
|
| 022 |
|
|
|a 2379-2159
|y 2379-2167
|
| 035 |
|
|
|a (WaSeSS)ssj0015640
|
| 040 |
|
|
|a YWM
|b eng
|c YWM
|d GPO
|d OCL
|d EYM
|d OCLCQ
|d GPO
|d UKMGB
|d OCLCE
|d HEBIS
|d OCLCQ
|d OCLCF
|d DLC
|d COO
|d OCLCQ
|d GILDS
|d OCLCO
|d AU@
|d UAB
|d U3W
|d VT2
|d WaSeSS
|
| 042 |
|
|
|a pcc
|a nsdp
|
| 043 |
|
|
|a n-us---
|
| 050 |
1 |
4 |
|a UB250
|
| 074 |
|
|
|a 0325-F-09 (online)
|z 0325-F-01 (online)
|
| 082 |
0 |
0 |
|a 355
|2 23
|
| 086 |
0 |
|
|a D 101.84:
|
| 130 |
0 |
|
|a Military intelligence professional bulletin (Online)
|
| 222 |
|
0 |
|a Military intelligence professional bulletin
|b (Online)
|
| 245 |
1 |
0 |
|a Military intelligence professional bulletin
|h [electronic resource].
|
| 246 |
1 |
3 |
|a MIPB
|
| 246 |
1 |
3 |
|a MI professional bulletin
|
| 260 |
|
|
|a Fort Huachuca, AZ :
|b U.S. Army Intelligence Center :
|b Fort Huachuca
|
| 310 |
|
|
|a Quarterly
|
| 362 |
1 |
|
|a Print began with vol. 20, no. 1 (Jan./Mar. 1994).
|
| 490 |
1 |
|
|a PB
|
| 506 |
|
|
|a License restrictions may limit access.
|
| 538 |
|
|
|a Mode of access: Internet from the GPO Permanent Access web site. Address as of 6/9/09: http://permanent.access.gpo.gov/lps1654/; current access is available via PURL.
|
| 588 |
|
|
|a Description based on: Oct.-Dec. 1995; title from title screen (GPO website, viewed Feb. 23, 1999).
|
| 588 |
|
|
|a Latest issue consulted: Jan./Mar. (2014) (viewed May 15, 2015).
|
| 650 |
|
0 |
|a Military intelligence
|v Periodicals.
|
| 650 |
|
0 |
|a Military intelligence
|z United States
|v Periodicals.
|
| 650 |
|
7 |
|a Military intelligence.
|2 fast
|0 (OCoLC)fst01021270
|
| 651 |
|
7 |
|a United States.
|2 fast
|0 (OCoLC)fst01204155
|
| 655 |
|
0 |
|a Electronic journals.
|
| 710 |
2 |
|
|a U.S. Army Intelligence Center and Fort Huachuca.
|
| 776 |
0 |
8 |
|i Print version:
|t Military intelligence professional bulletin
|x 2379-2167
|w (DLC)sn 99028084
|w (OCoLC)32678974
|
| 830 |
|
0 |
|a PB (United States. Army)
|
| 856 |
4 |
0 |
|z Full text available from Research Library: 10/01/1997 to present
|u https://search.proquest.com/publication/8297
|